|
|
|
|
| LEADER |
01226nam a22003132a 4500 |
| 001 |
000036497 |
| 003 |
CZ BrMZK |
| 005 |
20140507062801.0 |
| 007 |
ta |
| 008 |
951201s1980 xr f cze d |
| 015 |
|
|
|a cnb000161219
|
| 035 |
|
|
|a (OCoLC)9283864
|
| 040 |
|
|
|a BOA001
|b cze
|
| 100 |
1 |
|
|a Mráz, Bohumír,
|d 1930-2001
|7 jk01082236
|
| 245 |
1 |
0 |
|a Současná tapisérie /
|c Bohumír Mráz, Marcela Mrázová
|
| 250 |
|
|
|a 1. vyd.
|
| 260 |
|
|
|a Praha :
|b Odeon,
|c 1980
|
| 300 |
|
|
|a 71 s.
|
| 490 |
1 |
|
|a Soudobé české umění
|
| 700 |
1 |
|
|a Mrázová-Schusterová, Marcela,
|d 1935-2012
|7 jk01082295
|
| 830 |
|
0 |
|a Soudobé české umění
|0 s
|
| 856 |
4 |
1 |
|u http://www.digitalniknihovna.cz/mzk/uuid/uuid:31a951d0-d5d4-11e3-b110-005056827e51
|y Digitalizovaný dokument
|x NDK
|
| 910 |
|
|
|a BOA001
|b PK-A-0017.598
|b 1-0826.575
|
| 920 |
|
|
|a 000186147
|
| 964 |
|
|
|a Tapiserie - publikace obrazové
|
| 990 |
|
|
|a BK
|
| 996 |
7 |
|
|b 2619220527
|c 1-0826.575
|l MZK
|r Sklad / do 1 hodiny
|n 9
|w 000036497
|u 000030
|a 1
|e BOA001
|j MZK50
|s A
|
| 996 |
6 |
|
|b 2619946408
|c 1-0826.575
|l MZK
|r Sklad / do 1 hodiny
|n 1
|w 000036497
|u 000020
|a 1
|e BOA001
|j MZK50
|s P
|
| 996 |
7 |
|
|b 3119998685
|c PK-A-0017.598
|l MZK
|r Sklad / do 1 hodiny
|n 9
|w 000036497
|u 000010
|a 1
|e BOA001
|j MZK50
|s A
|